| Tag |
First Indicator |
Second Indicator |
Subfields |
| LEADER |
00000cam a2200000 a 4500 |
| 001 |
in00000036109 |
| 005 |
20151007055351.0 |
| 008 |
880324s1987 gw 00011 ger d |
| 020 |
|
|
|a 3878385390
|
| 035 |
|
|
|a (OCoLC)17670168
|
| 035 |
|
|
|9 AAB8046AM
|
| 040 |
|
|
|a AZU
|c AZU
|d TXA
|d UtOrBLW
|
| 049 |
|
|
|a TXAM
|c [A11074255]
|
| 050 |
|
4 |
|a PT2685.E525
|b F4 1987
|
| 100 |
1 |
|
|a Weissenborn, Theodor,
|d 1933-
|
| 245 |
1 |
0 |
|a Fegefeuer :
|b Erzählungen II /
|c Theodor Weissenborn.
|
| 264 |
|
1 |
|a Stuttgart :
|b Urachhaus,
|c [1987]
|
| 264 |
|
4 |
|c ©1987
|
| 300 |
|
|
|a 122 pages ;
|c 21 cm.
|
| 336 |
|
|
|a text
|b txt
|2 rdacontent
|
| 337 |
|
|
|a unmediated
|b n
|2 rdamedia
|
| 338 |
|
|
|a volume
|b nc
|2 rdacarrier
|
| 999 |
|
|
|a MARS
|
| 999 |
f |
f |
|s 099e2281-b561-38cc-894a-0e1297ea11e9
|i 9d795079-850b-3f28-96c6-e4015840112e
|t 0
|
| 952 |
f |
f |
|p ric
|a Texas A&M University
|b Rellis Campus
|c Joint Library Facility
|d Remote Storage
|t 0
|e PT2685.E525 F4 1987
|h Library of Congress classification
|i unmediated -- volume
|m A14811074255
|
| 998 |
f |
f |
|a PT2685.E525 F4 1987
|t 0
|l Remote Storage
|